| 000 | 00520nam a2200169Ia 4500 | ||
|---|---|---|---|
| 999 |
_c36053 _d36053 |
||
| 003 | OSt | ||
| 005 | 20201216112454.0 | ||
| 008 | 190216s9999||||xx |||||||||||||| ||und|| | ||
| 040 | _coclc | ||
| 082 |
_a954.83 _bNAI/P |
||
| 100 |
_aNair, N Balakrishnan _97573 |
||
| 245 | 0 |
_aProceedings Of The First Kerala Science Congress / _cN Balakrishnan Nair |
|
| 260 |
_bGovernment Of Kerala, _c1987. _aTrivandrum: |
||
| 300 | _a464p | ||
| 650 | _aScience | ||
| 942 |
_cREF _2ddc _h954.83 _iNAI/P _k954.83 _mNAI/P |
||